| 000 | 00648nam a2200229Ia 4500 | ||
|---|---|---|---|
| 008 | 191130s2009##################000#0#eng## | ||
| 020 | _a9780521887908 | ||
| 022 | _a2008041633 | ||
| 040 |
_aACL _cACL |
||
| 082 | _a184 PAR | ||
| 245 |
_aPlato's myths _cedited by Catalin Partenie |
||
| 260 |
_aCambridge _bCambridge University Press _c2009 |
||
| 300 | _axvi, 255 p. : ill. ; 24 cm | ||
| 500 | _aIncludes bibliographical references (p. 239-250) and index | ||
| 650 | _aMyth | ||
| 650 | _aMythology | ||
| 650 | _aPlato | ||
| 700 | _aPartenie, Catalin | ||
| 990 | _ae6414efdac10000c1ff7b5d5e92be546 | ||
| 991 | _a436223 | ||
| 999 |
_c37940 _d37940 |
||